Chicken Soup For The Couple's Soul (Record no. 302203)
[ view plain ]
| 000 -LEADER | |
|---|---|
| fixed length control field | 00436nam a2200157Ia 4500 |
| 008 - FIXED-LENGTH DATA ELEMENTS--GENERAL INFORMATION | |
| fixed length control field | 230718s9999 xx 000 0 und d |
| 041 ## - LANGUAGE CODE | |
| Language code of text/sound track or separate title | eng |
| 082 ## - DEWEY DECIMAL CLASSIFICATION NUMBER | |
| Classification number | 814.54'46 |
| Item number | REI |
| 100 ## - MAIN ENTRY--PERSONAL NAME | |
| Personal name | Canfield J. |
| 245 ## - TITLE STATEMENT | |
| Title | Chicken Soup For The Couple's Soul |
| 260 ## - PUBLICATION, DISTRIBUTION, ETC. (IMPRINT) | |
| Date of publication, distribution, etc. | 2001 |
| Name of publisher, distributor, etc. | Westland Books |
| 300 ## - PHYSICAL DESCRIPTION | |
| Extent | 370 |
| 365 ## - TRADE PRICE | |
| Currency code | Rs. |
| Price amount | 195.00 |
| 700 ## - ADDED ENTRY--PERSONAL NAME | |
| Personal name | Canfield J., Hansen M.V. & Angelis B.D. |
| 9 (RLIN) | 187267 |
| 906 ## - LOCAL DATA ELEMENT F, LDF (RLIN) | |
| d | B:173109-Nov-2001 |
| c | MGMT |
| b | 29.25 |
| Withdrawn status | Lost status | Damaged status | Not for loan | Home library | Current library | Date acquired | Vendor | Budget Code | Cost, normal purchase price | Bill number | Total Checkouts | Full call number | Barcode | Date last seen | Date last checked out | Discount | Cost, replacement price | Bill Date | Koha item type | Original Barcode |
|---|---|---|---|---|---|---|---|---|---|---|---|---|---|---|---|---|---|---|---|---|
| Cummins College of Engineering for Women Pune | Cummins College of Engineering for Women Pune | 01/10/2001 | Technical Book Services | MGMT | 165.75 | 1731 | 2 | 814.54'46 | CCEP-BK-13410 | 23/02/2026 | 04/02/2026 | 29.25 | 195.00 | 09/11/2001 | Books | 013410 |